أنيسيات : (رقم التسجيلة. 3345)

تفاصيل مارك
000 -LEADER
fixed length control field 00474nam a22001697a 4500
005 - DATE AND TIME OF LATEST TRANSACTION
control field 20251108164105.0
008 - FIXED-LENGTH DATA ELEMENTS--GENERAL INFORMATION
fixed length control field 250721s1995 xx 000 0 ara d
082 14 - DEWEY DECIMAL CLASSIFICATION NUMBER
Classification number 398.809564/درو
100 1# - MAIN ENTRY--PERSONAL NAME
Personal name درويش، أنيسة
245 10 - TITLE STATEMENT
Title أنيسيات :
Remainder of title شعر محكي /
264 1# - PRODUCTION, PUBLICATION, DISTRIBUTION, MANUFACTURE, AND COPYRIGHT NOTICE
Place of production, publication, distribution, manufacture رام الله :
Name of producer, publisher, distributor, manufacturer دار الكاتب،
Date of production, publication, distribution, manufacture, or copyright notice 1995.
300 ## - PHYSICAL DESCRIPTION
Extent 109ص
650 17 - SUBJECT ADDED ENTRY--TOPICAL TERM
Topical term or geographic name as entry element الشعر العربي
650 17 - SUBJECT ADDED ENTRY--TOPICAL TERM
Topical term or geographic name as entry element الشعر النبطي
942 ## - ADDED ENTRY ELEMENTS (KOHA)
Source of classification or shelving scheme Dewey Decimal Classification
Koha item type كتب
المقتنيات
حالة السحب حالة الفقدان مصدر التصنيف حالة التلف غير قابل للإعارة المكتبة الرئيسية المكتبة الحالية موقع الرف تاريخ التزويد الرقم المتسلسل Total Checkouts رقم الإستدعاء تاريخ آخر ظهور تاريخ الفاتورة نوع المادة (كوها) الباركود
    Dewey Decimal Classification Unchecked   مكتبة أبو علندا العامة مكتبة أبو علندا العامة الإعارة 06/07/2004 1735   398.809564/درو 28/07/2025 06/07/2004 كتب  
    Dewey Decimal Classification     مكتبة حمزة العامة مكتبة حمزة العامة الإعارة 31/01/2016 (6425)   398.809564/درو 28/07/2025 31/01/2016 كتب PLD00370671
Implemented & Customized by: BBB with SCIT (Smart Chains for Information Technology)

Powered by Koha